00582aam a2200205 450000500170000000800410001704100080005808200160006610000250008210000240010724501030013126000150023426000110024926000090026030000170026949000290028665000270031565000170034265000170035920260323175833.0150720b1979 xxu||||| |||| 00| 0 spa d aESP a364.3 R894e aRuano Marino, Rafael aMendoza R., Yolanda aRehabilitación del delincuente: un estudio sobre actitudes y opiniones de familiares de internos aCosta Rica bIlanud c1979 a81 páginas aInvestigación Criminal aPSICOLOGÍA CRIMINAL  aDELINCUENCIA aDELINCUENTES